Il dritto di succesione nella storia italiana (Record no. 54891)
[ view plain ]
| 000 -LEADER | |
|---|---|
| campo de control de longitud fija | 00677nam a22002055i 4500 |
| 001 - NÚMERO DE CONTROL | |
| campo de control | 54891 |
| 003 - IDENTIFICADOR DE NÚMERO DE CONTROL | |
| campo de control | ES-MaACL |
| 005 - FECHA Y HORA DE LA ÚLTIMA TRANSACCIÓN | |
| campo de control | 20250808232830.0 |
| 007 - CAMPO FIJO DE DESCRIPCIÓN FÍSICA--INFORMACIÓN GENERAL | |
| campo de control de longitud fija | t| |
| 008 - DATOS DE LONGITUD FIJA--INFORMACIÓN GENERAL | |
| campo de control de longitud fija | 960730s1853 it ||||1| ita d |
| 040 ## - FUENTE DE CATALOGACIÓN | |
| Centro catalogador/agencia de origen | CAM |
| Lengua de catalogación | spa |
| Centro/agencia transcriptor | CAM |
| 100 1# - ENTRADA PRINCIPAL--NOMBRE DE PERSONA | |
| Nombre de persona | Gans, Eduardo. |
| 9 (RLIN) | 53877 |
| 245 13 - MENCIÓN DEL TÍTULO | |
| Título | Il dritto di succesione nella storia italiana |
| Resto del título | : notizie storiche / |
| Mención de responsabilidad, etc. | tratte dall'opera di E. Gans ...; e tradotte da A. Turchiarulo. |
| 260 ## - PUBLICACIÓN, DISTRIBUCIÓN, ETC. | |
| Lugar de publicación, distribución, etc. | Napoli : |
| Nombre del editor, distribuidor, etc. | Giovanni Pedone Lauriel, |
| Fecha de publicación, distribución, etc. | 1853. |
| 300 ## - DESCRIPCIÓN FÍSICA | |
| Extensión | XV, 127 p. ; |
| Dimensiones | 24 cm. |
| 650 #7 - PUNTO DE ACCESO ADICIONAL DE MATERIA--TÉRMINO DE MATERIA | |
| Término de materia o nombre geográfico como elemento de entrada | Herencias y sucesiones |
| Fuente del encabezamiento o término | embne |
| 9 (RLIN) | 135883 |
| 700 1# - ENTRADA AGREGADA--NOMBRE PERSONAL | |
| Nombre de persona | Turchiarulo, Antonio. |
| 9 (RLIN) | 133415 |
| 852 ## - LOCALIZACIÓN | |
| Ubicación | ES-MaACL |
| Número de control de estantería | T-254-F-7 |
| Estatus retirado | Estado de pérdida | Estado de daño | No para préstamo | Colección | Biblioteca de origen | Biblioteca actual | Ubicación en estantería | Fecha de adquisición | Fuente de adquisición | Total de préstamos | Signatura topográfica completa | Código de barras | Visto por última vez | Precio de reemplazo | Tipo de ítem Koha |
|---|---|---|---|---|---|---|---|---|---|---|---|---|---|---|---|
| Colección de folletos | Biblioteca del Ateneo de Madrid | Biblioteca del Ateneo de Madrid | Depósito folletos | 17/01/2008 | T-254-F-7 | 1057681 | 23/02/2023 | 23/02/2023 | Folleto |
